Les 20 pays les plus riches - Statistiques

Statistiques générales
  • Ce quiz a été pris 1 867 fois
  • Le résultat moyen est 7 sur 20
Answers on the Grid
Answers color-coded by a green-red scale on the quiz's grid according to % correct below.
Allemagne
Arabie Saoudite
Argentine
Australie
Autriche
Belgique
Brésil
Canada
Chine
Corée du Sud
Espagne
Etats-Unis
France
Inde
Indonésie
Iran
Irlande
Italie
Japon
Mexique
Nigeria
Pays-Bas
Pologne
Royaume-uni
Russie
Suède
Suisse
Taiwan
Thaïlande
Turquie
 
Statistiques - réponses
Réponse % Correct
Etats-Unis
69%
France
65%
Royaume-uni
58%
Japon
57%
Chine
54%
Allemagne
53%
Russie
47%
Canada
42%
Arabie Saoudite
40%
Corée du Sud
37%
Italie
36%
Inde
32%
Brésil
29%
Espagne
29%
Australie
26%
Turquie
18%
Pays-Bas
17%
Mexique
16%
Indonésie
14%
Iran
7%
Aucun quiz correspondant
Distribution des résultats
% des personnes avec chaque résultat
Percentile par nombre de réponses
Votre historique - résultats
Vous n’avez pas pris ce quiz